[Event "TCh-FRA Top 12 2011"]
[Site "Mulhouse FRA"]
[Date "2011.06.03"]
[Round "9"]
[White "Svetushkin,D"]
[Black "Krasenkow,M"]
[Result "1/2-1/2"]
[WhiteElo "2561"]
[BlackElo "2619"]

1.e4 c5 2.Nf3 Nc6 3.d4 cxd4 4.Nxd4 Nf6 5.Nc3 e5 6.Ndb5 d6 7.Bg5 a6 8.Na3 b5
9.Nd5 Be7 10.Bxf6 Bxf6 11.c4 b4 12.Nc2 a5 13.g3 O-O 14.h4 Be6 15.Bg2 Bxd5
16.cxd5 Nb8 17.Ne3 Na6 18.Rc1 Rc8 19.Nc4 Nc5 20.Qe2 Ra8 21.O-O Re8 22.Qe3 Be7
23.Bh3 Bf8 24.Kg2 h5 25.Nd2 a4 26.Rc4 Qb6 27.Nf3 Qb5 28.Rfc1 Rab8 29.Ne1 g6
30.Nf3  1/2-1/2

[Event "TCh-FRA Top 12 2011"]
[Site "Mulhouse FRA"]
[Date "2011.06.04"]
[Round "10"]
[White "Krasenkow,M"]
[Black "Istratescu,A"]
[Result "1/2-1/2"]
[WhiteElo "2619"]
[BlackElo "2623"]

1.d4 Nf6 2.c4 e6 3.Nf3 d5 4.Nc3 dxc4 5.Qa4+ c6 6.Qxc4 b5 7.Qd3 a6 8.Bg5 c5
9.Bxf6 gxf6 10.O-O-O c4 11.Qe4 Ra7 12.d5 Rd7 13.Qf4 Bd6 14.Qg4 f5 15.Qg7 Rf8
16.Qxh7 b4 17.dxe6 fxe6 18.Qg6+ Rdf7 19.Na4 Qc7 20.e3 Bd7 21.Ng5 Ke7 22.Nxf7 Rxf7
23.Be2 Be5 24.Rxd7+ Qxd7 25.Nc5 Bxb2+ 26.Kc2 Qc6 27.Qxe6+ Qxe6 28.Nxe6 c3
29.Nf4 a5 30.Nd3 f4 31.Nxf4 Nc6 32.Bb5 Rxf4 33.Bxc6 Rxf2+ 34.Kb3 Ba3 35.Be4 Rb2+
36.Ka4 Rxa2 37.Kxa5 c2 38.Rc1  1/2-1/2

[Event "XX Adolf Anderssen Memorial Open"]
[Site "Wroclaw POL"]
[Date "2011.07.11"]
[Round "1"]
[White "Piotrowski,P"]
[Black "Krasenkow,M"]
[Result "0-1"]
[WhiteElo "1956"]
[BlackElo "2607"]

1.e4 g6 2.d3 Bg7 3.Nd2 e5 4.g3 Ne7 5.Bg2 O-O 6.Ngf3 f5 7.O-O d6 8.c3 h6 9.d4 fxe4
10.Nxe4 d5 11.Nc5 b6 12.Nb3 e4 13.Ne5 Ba6 14.Re1 Nd7 15.Ng4 h5 16.Ne3 Nf6
17.a4 Qd7 18.Bd2 Rf7 19.Bf1 Bxf1 20.Rxf1 Qh3 21.f4 exf3 22.Qxf3 Raf8 23.Qg2 Qd7
24.a5 Qb5 25.Nc1 Ne4 26.Rxf7 Rxf7 27.axb6 axb6 28.Be1 Bh6 29.Nd1 Ng5 30.Bf2 Nf3+
31.Kh1 Bxc1 32.Rxc1 Qe2 33.Ne3 Qxb2 34.Rf1 Qxc3 35.g4 h4 36.g5 Nd2 37.Rd1 Ne4
38.Nxd5 Nxf2+  0-1

[Event "XX Adolf Anderssen Memorial Open"]
[Site "Wroclaw POL"]
[Date "2011.07.11"]
[Round "2"]
[White "Krasenkow,M"]
[Black "Chojnacki,S"]
[Result "1-0"]
[WhiteElo "2607"]
[BlackElo "2237"]

1.d4 c6 2.c4 d5 3.Nc3 Nf6 4.e3 Bf5 5.cxd5 cxd5 6.Qb3 Bc8 7.Nf3 Nc6 8.Ne5 Qb6
9.Qxb6 axb6 10.Nb5 Rb8 11.Bd2 Nxe5 12.dxe5 Ne4 13.Nc7+ Kd7 14.Nxd5 Nxd2 15.Kxd2 e6
16.Nxb6+ Kc7 17.Nxc8 Bb4+ 18.Kc2 Rbxc8 19.Kb3 Bd2 20.Rd1 Rhd8 21.h4 Kb6 22.Rh3 Rc5
23.f4 h5 24.a3 g6 25.Rf3 Kc7 26.g3 Rdd5 27.e4 Rd7 28.Ka2 Rd4 29.Bd3 Ba5 30.b4 Bxb4
31.axb4 Rxb4 32.Bb1 Rcb5 33.Rc3+ Kb6 34.Rd6+ Ka7 35.Bd3 Rb2+ 36.Ka3 R5b4
37.Bc2 Rb5 38.Ba4 Rb6 39.Rxb6 Kxb6 40.Kxb2  1-0

[Event "XX Adolf Anderssen Memorial Open"]
[Site "Wroclaw POL"]
[Date "2011.07.11"]
[Round "4"]
[White "Krasenkow,M"]
[Black "Stachowiak,K"]
[Result "1-0"]
[WhiteElo "2607"]
[BlackElo "2436"]

1.d4 d5 2.Nf3 c6 3.c4 e6 4.Nbd2 Nf6 5.g3 Nbd7 6.Bg2 Bd6 7.Qc2 O-O 8.O-O b6
9.e4 dxe4 10.Nxe4 Nxe4 11.Qxe4 Bb7 12.Rd1 Qc7 13.Ng5 Nf6 14.Qh4 c5 15.dxc5 Bxc5
16.Bf4 Qe7 17.Bxb7 Qxb7 18.Be5 h6 19.Bxf6 gxf6 20.Ne4 f5 21.Nf6+ Kg7 22.Nd7 Qf3
23.Qf6+ Kg8 24.Nxc5 bxc5 25.Qxh6 Qg4 26.h3 Qxc4 27.b3 Qc3 28.Rac1 Qe5 29.Re1 Qb2
30.Rxc5 Rac8 31.Qg5+ Kh7 32.Qe7 Rxc5 33.Qxc5 Kg8 34.Qxa7 Rd8 35.Qb6 Rd3 36.a4 Rxb3
37.Qd8+ Kg7 38.Qg5+ Kh7 39.Rd1 Qc2 40.Qh5+ Kg7 41.Kg2 Rb2 42.Qg5+ Kh7 43.Qh4+ Kg7
44.Qd4+ Kh7 45.Ra1 e5 46.Qa7 Kg6 47.a5 f4 48.gxf4 exf4 49.a6 Qe4+ 50.Kg1 f3
51.Qc7 Rb5 52.Kh2 Rg5 53.Qb6+ f6 54.Qb1 Qxb1 55.Rxb1 Ra5 56.Rb6 Kg5 57.Kg3 Ra3
58.h4+ Kf5 59.Rc6 Ra4 60.Kxf3 Rxh4 61.Rc5+ Ke6 62.Ra5 Rh8 63.a7  1-0

[Event "XX Adolf Anderssen Memorial Open"]
[Site "Wroclaw POL"]
[Date "2011.07.11"]
[Round "5"]
[White "Czerwonski,A"]
[Black "Krasenkow,M"]
[Result "0-1"]
[WhiteElo "2377"]
[BlackElo "2607"]

1.d4 d5 2.c4 e6 3.Nf3 c6 4.e3 Bd6 5.Nc3 f5 6.Qc2 Nf6 7.b3 O-O 8.Bb2 Ne4 9.Bd3 Nd7
10.h3 a5 11.g4 Ndf6 12.gxf5 exf5 13.Rg1 Nxc3 14.Bxc3 Ne4 15.c5 Bc7 16.Bb2 Qe8
17.O-O-O Qh5 18.Ne5 Bxe5 19.dxe5 Be6 20.Rg2 Rf7 21.Rdg1 f4 22.exf4 Qf3 23.Kb1 Qxf4
24.Bc1 Qf3 25.Be2 Qxe2  0-1

[Event "XX Adolf Anderssen Memorial Open"]
[Site "Wroclaw POL"]
[Date "2011.07.11"]
[Round "7"]
[White "Markowski,T"]
[Black "Krasenkow,M"]
[Result "1/2-1/2"]
[WhiteElo "2611"]
[BlackElo "2607"]

1.c4 b6 2.d4 e6 3.a3 Bb7 4.Nc3 f5 5.d5 Na6 6.g3 Nf6 7.Bg2 Bd6 8.Nf3 O-O 9.O-O Nc5
10.Bg5 h6 11.Bxf6  1/2-1/2

[Event "XX Adolf Anderssen Memorial Open"]
[Site "Wroclaw POL"]
[Date "2011.07.11"]
[Round "8"]
[White "Krasenkow,M"]
[Black "Malaniuk,V"]
[Result "1/2-1/2"]
[WhiteElo "2607"]
[BlackElo "2455"]

1.Nf3 d6 2.d4 f5 3.Nc3 Nf6 4.Bg5 e6 5.e4 fxe4 6.Nxe4 Be7 7.Bxf6 Bxf6 8.Bd3 Nc6
9.c3 Qe7 10.O-O O-O 11.Re1 Qf7  1/2-1/2

[Event "XX Adolf Anderssen Memorial Final"]
[Site "Wroclaw POL"]
[Date "2011.07.12"]
[Round "1.2"]
[White "Czerwonski,A"]
[Black "Krasenkow,M"]
[Result "0-1"]
[WhiteElo "2377"]
[BlackElo "2607"]

1.d4 d5 2.c4 c6 3.Nc3 Nf6 4.Nf3 e6 5.Bg5 Nbd7 6.cxd5 exd5 7.e3 Be7 8.Qc2 Nh5
9.Bxe7 Qxe7 10.O-O-O Nb6 11.Bd3 Bg4 12.Bxh7 Bxf3 13.gxf3 g6 14.Bxg6 fxg6
15.Qxg6+ Kd7 16.Rhg1 Raf8 17.f4 Nc4 18.Na4 b6 19.Rg5 Nf6 20.Qf5+ Kc7 21.Rdg1 Rf7
22.b3 Qa3+ 23.Kb1 Nd2+ 24.Kc2 Qxa2+  0-1

[Event "XX Adolf Anderssen Memorial Final"]
[Site "Wroclaw POL"]
[Date "2011.07.12"]
[Round "1.1"]
[White "Krasenkow,M"]
[Black "Czerwonski,A"]
[Result "1-0"]
[WhiteElo "2607"]
[BlackElo "2377"]

1.d4 Nf6 2.c4 e6 3.Nf3 b6 4.g3 Bb7 5.Bg2 Be7 6.O-O O-O 7.Re1 c5 8.d5 exd5
9.Nh4 g6 10.Nc3 Na6 11.cxd5 d6 12.Bh6 Re8 13.e4 Nd7 14.f4 Bf6 15.Nf3 Nc7
16.a4 a6 17.Bh3 b5 18.e5 dxe5 19.Ne4 Bh8 20.Nd6 Bxd5 21.Nxe8 Qxe8 22.Nxe5 Nxe5
23.fxe5 Bxe5 24.axb5 axb5 25.Rxa8 Bxa8 26.Rxe5 Qxe5 27.Qd8+ Qe8 28.Qxc7 Bc6
29.Qd6  1-0

[Event "XX Adolf Anderssen Memorial Final"]
[Site "Wroclaw POL"]
[Date "2011.07.12"]
[Round "2.1"]
[White "Krasenkow,M"]
[Black "Malaniuk,V"]
[Result "0-1"]
[WhiteElo "2607"]
[BlackElo "2455"]

1.d4 f5 2.c4 Nf6 3.Nc3 g6 4.f3 c5 5.d5 d6 6.Bg5 Nbd7 7.Nh3 Bg7 8.Nf4 Ne5
9.h4 Qa5 10.e3 h6 11.Bxf6 Bxf6 12.Qc2 Bd7 13.h5 g5 14.Ng6 Rg8 15.Nxe5 Bxe5
16.Bd3 Rf8 17.Kf2 f4 18.Ne2 fxe3+ 19.Kxe3 O-O-O 20.Rhd1 Rf6 21.Qd2 Qb6 22.Rab1 Rdf8
23.Rf1 e6 24.Be4 exd5 25.Qxd5 Re8 26.Qd3 Bc6 27.Bxc6 Qxc6 28.Kf2 g4 29.Kg1 gxf3
30.Rxf3 Rxf3 31.Qxf3 Qxf3 32.gxf3 Rf8 33.Kf2 Rf5 34.Ng3 Rg5 35.Ne4 Rxh5 36.b4 cxb4
37.Rxb4 Rh2+ 38.Ke3 Rxa2 39.Rb3 Rh2 40.Rd3 Kc7 41.c5 dxc5 42.Nxc5 b6 43.Ne6+ Kc6
44.Ke4 Bb2 45.f4 a5 46.Nd4+ Bxd4  0-1

[Event "XX Adolf Anderssen Memorial Final"]
[Site "Wroclaw POL"]
[Date "2011.07.12"]
[Round "2.2"]
[White "Malaniuk,V"]
[Black "Krasenkow,M"]
[Result "1-0"]
[WhiteElo "2455"]
[BlackElo "2607"]

1.d4 Nf6 2.Nf3 b5 3.e3 a6 4.b3 Bb7 5.Bb2 e6 6.Bd3 c5 7.O-O Nc6 8.Nbd2 Be7
9.dxc5 Bxc5 10.a3 O-O 11.Qe2 Be7 12.e4 d6 13.b4 Nh5 14.g3 Bf6 15.Bxf6 Qxf6
16.Rfe1 g6 17.c4 bxc4 18.Nxc4 Rad8 19.Ncd2 a5 20.b5 Ne5 21.Nxe5 dxe5 22.Nb3 a4
23.Na5 Qe7 24.Rec1 Rd4 25.Nc6 Bxc6 26.bxc6 Rc8 27.Rc3 Qd6 28.Qc2 Nf6 29.Rc1 Ne8
30.Ba6 Rc7 31.Rd3 Ra7 32.Rxd4 exd4 33.Bb7 Nc7 34.Qc5 Qxc5 35.Rxc5 Kf8 36.f4 Ke7
37.e5 Kd8 38.Kf2 Nd5 39.Rc4 Kc7 40.Rxd4 Ra5 41.Rc4 Rb5 42.Rxa4 Rb2+ 43.Kf3 Rxh2
44.Ra8 f6 45.exf6 Nxf6 46.Rf8 Nd5 47.Rf7+ Kb6 48.a4 Ra2 49.Rxh7 Ra3+ 50.Kf2 Nf6
51.Re7 Ne4+ 52.Kg2 Rxg3+ 53.Kh2 Rg4 54.a5+ Kxa5 55.c7 Nd6 56.Rxe6  1-0

[Event "XX Adolf Anderssen Memorial Final"]
[Site "Wroclaw POL"]
[Date "2011.07.12"]
[Round "3.1"]
[White "Krasenkow,M"]
[Black "Dobrowolski,P"]
[Result "1-0"]
[WhiteElo "2607"]
[BlackElo "2423"]

1.Nf3 Nf6 2.c4 c6 3.Nc3 d5 4.e3 a6 5.b3 b5 6.Bb2 Bg4 7.Qc2 e6 8.Ne5 Bf5 9.Bd3 Bxd3
10.Qxd3 Bd6 11.f4 O-O 12.cxd5 cxd5 13.Ne2 Nbd7 14.Nxd7 Nxd7 15.O-O Be7 16.Nd4 Rc8
17.Rac1 Nc5 18.Qe2 Qd7 19.d3 b4 20.e4 dxe4 21.dxe4 Qb7 22.e5 Qe4 23.Qxe4 Nxe4
24.Nc6 Bd8 25.Rfe1 f5 26.exf6 Nxf6 27.Rxe6 Kf7 28.f5 Re8 29.Ne5+  1-0

[Event "Politiken Cup"]
[Site "Helsingor DEN"]
[Date "2011.08.05"]
[Round "8.10"]
[White "Hendriks,W"]
[Black "Krasenkow,M"]
[Result "0-1"]
[WhiteElo "2415"]
[BlackElo "2607"]

1.e4 g6 2.d4 Bg7 3.Nc3 c6 4.f4 d5 5.e5 Qb6 6.Na4 Qc7 7.Nc5 b6 8.Nd3 Nh6 9.Nf3 O-O
10.Be2 c5 11.O-O Nc6 12.c3 Bg4 13.dxc5 bxc5 14.Nxc5 Nxe5 15.fxe5 Bxf3 16.Bxf3 Qxc5+
17.Kh1 e6 18.Qe2 Nf5 19.Bf4 Rab8 20.Rad1 Rfc8 21.Bg4 Qc4 22.Qxc4 Rxc4 23.Rf2 Re4
24.g3 Ne3 25.Bxe3 Rxe3 26.Rdf1 h5 27.Bh3 g5 28.Rxf7 g4 29.Bg2 Rxb2 30.Rxa7 Ree2
31.Rg1 Bxe5 32.Re7 Bxc3 33.Rxe6 Rxe6 34.Bxd5 Re2 35.Rc1 Bd4 36.h3 Kg7 37.Bxe6 Rxe6
38.Rc4 Re1+ 39.Kg2 Rg1+ 40.Kh2 Rd1 41.hxg4 hxg4 42.a4 Kf6 43.a5 Ke5 44.a6 Ra1
45.Rc6 Ke4  0-1

[Event "TCh-POL Ekstraliga"]
[Site "Miedzybrodzie-Zywiec POL"]
[Date "2011.09.02"]
[Round "4.3"]
[White "Krasenkow,M"]
[Black "Swiercz,D"]
[Result "0-1"]
[WhiteElo "2619"]
[BlackElo "2553"]

1.Nf3 Nf6 2.c4 e6 3.g3 d5 4.d4 Bb4+ 5.Nbd2 O-O 6.Bg2 b6 7.O-O Bb7 8.cxd5 Bxd5
9.a3 Bxd2 10.Bxd2 Nbd7 11.b4 Qc8 12.Ne1 Bxg2 13.Nxg2 Qa6 14.Be3 Rac8 15.a4 Nd5
16.Qd2 Qc4 17.Rfb1 N7f6 18.f3 Rfd8 19.Ra3 c5 20.bxc5 bxc5 21.dxc5 Nxe3 22.Qxe3 Nd5
23.Qc1 Qd4+ 24.e3 Qxc5 25.Qxc5 Rxc5 26.Rd3 Rdc8 27.Rbd1 g5 28.h4 h6 29.hxg5 hxg5
30.Kf1 Kg7 31.g4 Ra5 32.Rd4 Rc3 33.Kf2 Rc2+ 34.R1d2 Rxd2+ 35.Rxd2 Rxa4 36.f4 gxf4  0-1

[Event "TCh-POL Ekstraliga"]
[Site "Miedzybrodzie-Zywiec POL"]
[Date "2011.09.03"]
[Round "5.3"]
[White "Orzech,D"]
[Black "Krasenkow,M"]
[Result "0-1"]
[WhiteElo "2426"]
[BlackElo "2619"]

1.d4 d5 2.Nf3 c6 3.c4 e6 4.cxd5 exd5 5.Qc2 Bd6 6.Bg5 Ne7 7.e3 Bf5 8.Bd3 Qd7
9.Nc3 O-O 10.O-O Na6 11.a3 Nc7 12.Rfc1 Rae8 13.b4 a6 14.Bh4 Bxd3 15.Qxd3 Nf5
16.Bg3 f6 17.Rab1 Bxg3 18.hxg3 Nd6 19.Na4 g5 20.Nd2 Kg7 21.Re1 Qf7 22.Nc5 h5
23.e4 dxe4 24.Ndxe4 Nxe4 25.Nxe4 Qg6 26.a4 Rf7 27.Nc5 Qxd3 28.Nxd3 Rfe7 29.Kf1 Kf7
30.Rxe7+ Rxe7 31.Nc5 b6 32.Nb3 Nd5 33.a5 Rb7 34.axb6 Rxb6 35.Nc5 a5 36.Ra1 Rxb4
37.Rxa5 Rxd4 38.Ra7+ Kg6 39.Ke2 Rc4 40.Nd3 h4 41.gxh4 gxh4 42.Kf3 Kf5 43.g3 Rc3
44.Ke2 c5 45.gxh4 c4 46.Ne1 Rh3 47.Ra5 Ke4 48.Nc2 Nf4+ 49.Kd1 Rxh4 50.Ra3 Nd3
51.Ne3 Kf3 52.Nxc4 Rxc4 53.Rxd3+ Kxf2 54.Rd2+ Kf1 55.Rd6 f5 56.Kd2 f4 57.Rf6 Kf2
58.Kd3 Ra4 59.Rb6 f3 60.Rb2+ Kg3 61.Rb8 Ra3+ 62.Kd2 f2 63.Rg8+ Kf3 64.Rf8+ Kg2
65.Rg8+ Rg3  0-1

[Event "TCh-POL Ekstraliga"]
[Site "Miedzybrodzie-Zywiec POL"]
[Date "2011.09.03"]
[Round "6.4"]
[White "Krasenkow,M"]
[Black "Miton,K"]
[Result "1/2-1/2"]
[WhiteElo "2619"]
[BlackElo "2619"]

1.d4 d5 2.c4 c6 3.Nc3 Nf6 4.cxd5 cxd5 5.Bf4 Nc6 6.e3 a6 7.Be2 e6 8.Nf3 Be7
9.Ne5 Bd7 10.O-O O-O 11.Rc1 Nxe5 12.Bxe5 Bc6 13.Bd3 Rc8 14.Qf3 Qb6 15.Rc2 Bb5
16.Nxb5 Rxc2 17.Bxc2 Qxb5 18.Bxf6 Bxf6 19.Rb1 Rc8 20.Qd1 g6 21.Bd3 Qb6 22.Rc1 Rc6
23.Rc2 Qc7 24.g3 Rxc2 25.Qxc2 Qxc2 26.Bxc2 Kf8 27.Kf1 Ke7 28.Ke2 Kd6 29.h4 h5
30.Kd3 Bd8  1/2-1/2

[Event "TCh-POL Ekstraliga"]
[Site "Katowice POL"]
[Date "2011.10.07"]
[Round "7.2"]
[White "Dziuba,M"]
[Black "Krasenkow,M"]
[Result "1/2-1/2"]
[WhiteElo "2593"]
[BlackElo "2619"]

1.d4 Nf6 2.c4 g6 3.g3 c6 4.Nf3 d5 5.Qb3 Bg7 6.Bg2 O-O 7.O-O dxc4 8.Qxc4 Bf5
9.Nc3 Nbd7 10.e3 Ne4 11.Qe2 e5 12.Rd1 Nxc3 13.bxc3 Qa5 14.e4 Bg4 15.h3 Qxc3
16.Bd2 Bxf3 17.Bxf3 Qc2 18.d5 cxd5 19.exd5 e4 20.Bxe4 Rfe8 21.Bxc2 Rxe2 22.Rab1 Bd4
23.Be1 Rxc2 24.Rxd4 Re8 25.Kf1 b6 26.a4 a5 27.Bd2 f6 28.Be3 g5 29.Rdd1 Re4
30.Bxb6 Rxa4 31.Be3 Rb4 32.Rxb4 axb4 33.Rb1 Rc4 34.Ke2 Kf7 35.Bd2 Rd4  1/2-1/2

[Event "TCh-POL Ekstraliga"]
[Site "Katowice POL"]
[Date "2011.10.08"]
[Round "8.5"]
[White "Krasenkow,M"]
[Black "Kuzmicz,K"]
[Result "1/2-1/2"]
[WhiteElo "2619"]
[BlackElo "2434"]

1.d4 g6 2.e4 Bg7 3.c4 c6 4.Nc3 d6 5.Be2 a6 6.Nf3 b5 7.O-O Nf6 8.e5 dxe5 9.dxe5 Qxd1
10.Rxd1 Nfd7 11.Bf4 Nc5 12.b4 Ne6 13.Bg3 Nd7 14.a4 bxa4 15.c5 g5 16.Nxa4 h5
17.h3 g4 18.Nh4 Bxe5 19.Bxe5 Nxe5 20.Nb6 Rb8 21.Nxc8 Rxc8 22.Rxa6 Nf4 23.Bf1 e6
24.Re1 Nfg6 25.Nxg6 Nxg6 26.hxg4 hxg4 27.Re4 Ke7 28.Rxg4 Rhd8 29.g3 Rd2 30.Kg2 Rc7
31.Re4 Rb2 32.Rb6 Kf6 33.Re2 Rb1 34.Rd2 Ne5 35.Rd4 Ra7 36.Ra6 Rb7 37.Ra4 Rb2
38.Rf4+ Ke7 39.Re4 Kf6 40.Be2 Rd7 41.Ra3 Rb7 42.Ra4 Rd7 43.Ra3 Rb7  1/2-1/2

[Event "TCh-ESP CECLUB Div Honor 2011"]
[Site "Melilla ESP"]
[Date "2011.11.24"]
[Round "5"]
[White "Svetushkin,D"]
[Black "Krasenkow,M"]
[Result "1/2-1/2"]
[WhiteElo "2621"]
[BlackElo "2608"]

1.e4 c5 2.Nf3 e6 3.d4 cxd4 4.Nxd4 Nf6 5.Nc3 Nc6 6.Ndb5 d6 7.Bf4 e5 8.Bg5 a6
9.Na3 b5 10.Nd5 Be7 11.Bxf6 Bxf6 12.c4 b4 13.Nc2 a5 14.g3 O-O 15.h4 Be6 16.Qd2 Nb8
17.Bg2 Ra6 18.Nce3 Nd7 19.Rd1 Nc5 20.Qe2 Re8 21.Qf3 Be7 22.Bh3 Ra7 23.Kf1 Bf8
24.Kg2 Kh8 25.Bf5 g6 26.Bh3 Bh6 27.h5 Bxe3 28.Nxe3 Rf8 29.Kg1 f5 30.hxg6 fxe4
31.Qe2 Bxh3 32.Rxh3 Ne6 33.Ng4 Rg7 34.Nxe5 Qf6 35.Nf7+ Rfxf7 36.gxf7 Nf4
37.Qf1 Nxh3+ 38.Qxh3 Rxf7 39.Rd2 e3 40.fxe3 Qf3 41.Kh2 Qxe3  1/2-1/2

[Event "TCh-ESP CECLUB Div Honor 2011"]
[Site "Melilla ESP"]
[Date "2011.11.25"]
[Round "6"]
[White "Krasenkow,M"]
[Black "Aleksandrov,A"]
[Result "1/2-1/2"]
[WhiteElo "2608"]
[BlackElo "2626"]

1.d4 Nf6 2.c4 e6 3.Nf3 d5 4.Nc3 Bb4 5.Bg5 h6 6.Bxf6 Qxf6 7.e3 O-O 8.Rc1 dxc4
9.Bxc4 c5 10.O-O cxd4 11.exd4 Nc6 12.Bb5 Ne7 13.Ne4 Qf4 14.Bd3 Qb8 15.Ne5 f6
16.Nc4 Nd5 17.Ne3 Nxe3 18.fxe3 f5 19.Qb3 a5 20.Nc5 Kh8 21.Nxe6 Bxe6 22.Qxe6 Qe8
23.d5 Bd2 24.Rc7 Bxe3+ 25.Kh1 Rf6 26.Qxe8+ Rxe8 27.Rxb7 g6 28.g3 Rb6 29.Rxb6 Bxb6
30.Rd1 Kg7 31.d6 Re5 32.Ba6 Kf6 33.d7 Ke7 34.a4 g5 35.Bb5 Bd8 36.Kg2 g4 37.Kf1 h5
38.Rd4 Rc5 39.Rd2 Re5 40.Rd4 Rc5 41.Rd2 Re5 42.b3 Re3 43.Rd5 Kf6 44.Bd3 Re5
45.Rxe5 Kxe5  1/2-1/2

[Event "Open Mundial de Leon Equipos"]
[Site "Leon ESP"]
[Date "2011.12.17"]
[Round "3"]
[White "Fernandez Martin,F"]
[Black "Krasenkow,M"]
[Result "0-1"]
[WhiteElo "2112"]
[BlackElo "2608"]

1.e4 c5 2.Nc3 Nc6 3.g3 g6 4.Bg2 Bg7 5.d3 d6 6.f4 e6 7.Nf3 Nge7 8.O-O O-O
9.Be3 b6 10.d4 Ba6 11.Re1 e5 12.fxe5 cxd4 13.Nxd4 Nxe5 14.b3 Qd7 15.Qd2 Rac8
16.Nd5 h5 17.Kh1 N7c6 18.Rad1 Ng4 19.Nxc6 Rxc6 20.Bd4 f6 21.c4 Rcc8 22.Rf1 Bb7
23.Qb2 Bxd5 24.exd5 Rce8 25.Rde1 Kh7 26.b4 Ne5 27.Qb3 f5 28.Bxe5 Rxe5 29.Rxe5 Bxe5
30.a4 Qe7 31.Qd3 Kg7 32.Rd1 h4 33.c5 hxg3 34.hxg3 Qg5 35.c6 Bxg3 36.c7 Rc8
37.Qc2 Qe3  0-1

[Event "Open Mundial de Leon Equipos"]
[Site "Leon ESP"]
[Date "2011.12.18"]
[Round "8"]
[White "Krasenkow,M"]
[Black "Arias Rodriguez,S"]
[Result "1-0"]
[WhiteElo "2608"]
[BlackElo "2181"]

1.b3 e5 2.Bb2 Nc6 3.e3 Nf6 4.Bb5 d6 5.d4 exd4 6.exd4 d5 7.Nf3 Bg4 8.O-O Be7
9.Qd3 Bxf3 10.Bxc6+ bxc6 11.Qxf3 O-O 12.Nc3 Bd6 13.Rfe1 Qd7 14.Na4 Rfe8 15.Nc5 Qg4
16.Qxg4 Nxg4 17.g3 Bxc5 18.dxc5 f6 19.f3 Ne5 20.Kf2 Nd7 21.Bd4 Kf7 22.Re3 Rxe3
23.Kxe3 Rb8 24.Kd2 Ne5 25.Rf1 Rb4 26.Kc3 Rb8 27.f4 Nd7 28.g4 Re8 29.Kd3 Re4
30.c4 Nf8 31.cxd5 cxd5 32.c6 a6 33.f5 Rxg4 34.Bc5 Re4 35.b4 g6 36.a4 gxf5
37.Rxf5 Ne6 38.Rxd5 Nxc5+ 39.bxc5 Re5 40.Rd7+ Re7 41.Kc4 Ke6 42.Rd1 f5 43.Kb4 Kf6
44.Ka5 Re6 45.Kxa6 Rxc6+ 46.Kb5 Re6 47.a5 f4 48.a6 Re8 49.a7 Ra8 50.Ka6  1-0

[Event "2nd Ferdynanda Dziedzica Mem"]
[Site "Trzcianka POL"]
[Date "2012.03.04"]
[Round "3"]
[White "Rawicz,K1"]
[Black "Krasenkow,M"]
[Result "1-0"]
[WhiteElo "2261"]
[BlackElo "2607"]

1.d4 d5 2.c4 e6 3.Nc3 c6 4.e3 Bd6 5.Nf3 f5 6.Bd3 Nf6 7.O-O O-O 8.b3 Ne4 9.Ne2 Qf6
10.Bb2 Nd7 11.Rc1 g5 12.Rc2 g4 13.Nd2 Qh6 14.Ng3 Nxg3 15.hxg3 Bxg3 16.fxg3 Qxe3+
17.Rf2 Qxd3 18.Rc3 Qxd4 19.Rc2 Qe3 20.Nf1 Qh6 21.cxd5 cxd5 22.Rc7 Nf6 23.Rfc2 b6
24.Qe2 Ne4 25.Qe3 Qg6 26.Nd2 f4 27.gxf4 Ba6 28.Nxe4 e5 29.Bxe5 dxe4 30.Rg7+ Qxg7
31.Bxg7 Kxg7 32.Rc7+ Rf7 33.Qd4+  1-0

[Event "2nd Ferdynanda Dziedzica Mem"]
[Site "Trzcianka POL"]
[Date "2012.03.04"]
[Round "5"]
[White "Musialkiewicz,J"]
[Black "Krasenkow,M"]
[Result "0-1"]
[WhiteElo "2197"]
[BlackElo "2607"]

1.e4 c5 2.Nf3 Nc6 3.d4 cxd4 4.Nxd4 Nf6 5.Nc3 e5 6.Ndb5 d6 7.Bg5 a6 8.Na3 b5
9.Nd5 Be7 10.Bxf6 gxf6 11.Nxe7 Nxe7 12.c3 d5 13.Bd3 Bb7 14.Nc2 dxe4 15.Bxe4 Qb6
16.Bd3 Qe6 17.Ne3 Rd8 18.Qc2 f5 19.a4 e4 20.Be2 O-O 21.g3 Ng6 22.axb5 axb5
23.Ra5 Ra8 24.Rxa8 Rxa8 25.O-O  0-1

[Event "2nd Ferdynanda Dziedzica Mem"]
[Site "Trzcianka POL"]
[Date "2012.03.04"]
[Round "6"]
[White "Krasenkow,M"]
[Black "Dragun,K"]
[Result "1-0"]
[WhiteElo "2607"]
[BlackElo "2425"]

1.d4 Nf6 2.Nf3 g6 3.Nbd2 d5 4.b4 Bg7 5.Bb2 O-O 6.e3 c6 7.c4 Bg4 8.Be2 a5
9.bxa5 Qxa5 10.O-O Rc8 11.Nb3 Qd8 12.a4 Ne4 13.Qc2 Na6 14.c5 b6 15.Bxa6 Rxa6
16.Nfd2 Nxd2 17.Qxd2 Rb8 18.Bc3 b5 19.axb5 Rxa1 20.Rxa1 Rxb5 21.Qa2 h5 22.Qa8 e5
23.Nd2 Qxa8 24.Rxa8+ Kh7 25.h3 Be6 26.Ra6 exd4 27.Bxd4 Bd7 28.Nf3 Bxd4 29.exd4 Rb7
30.Ne5 Be8 31.Nxc6 Bxc6 32.Rxc6 Rb4 33.Rf6 Kg7 34.Rf4 f5 35.Kf1 Kf6 36.h4 Ke6
37.Ke2 Ra4 38.Kd3 Ra3+ 39.Kc2 Ra4 40.Kc3 Kd7 41.Rf3 Ra2 42.Rg3 Rxf2 43.Rxg6 f4
44.Rd6+ Kc7 45.Rxd5  1-0

[Event "2nd Ferdynanda Dziedzica Mem"]
[Site "Trzcianka POL"]
[Date "2012.03.04"]
[Round "7"]
[White "Kozakov,M"]
[Black "Krasenkow,M"]
[Result "0-1"]
[WhiteElo "2471"]
[BlackElo "2607"]

1.Nf3 d6 2.e4 Nf6 3.Nc3 Bg4 4.Be2 e5 5.d4 Bxf3 6.Bxf3 exd4 7.Qxd4 Nc6 8.Qa4 Qd7
9.O-O g6 10.e5 Nxe5 11.Qxd7+ Kxd7 12.Bxb7 Rb8 13.Ba6 Bg7 14.b3 Nc6 15.Bb2 Ne4
16.Nxe4 Bxb2 17.Rad1 Ke7 18.Rfe1 Kf8 19.c3 Kg7 20.Re2 Ba3 21.b4 Rhe8 22.Rde1 d5
23.Ng5 Rxe2 24.Rxe2 d4 25.cxd4 Rxb4 26.h4 Nxd4 27.Re1 h6 28.Ne4 Rb2 29.Bc4 Rc2
30.Bb3 Nxb3 31.axb3 f5 32.Ng3 Bc5 33.Re2 Rc3 34.Kh2 Rxb3 35.h5 Bd6 36.hxg6 Kxg6
37.Ra2 Ra3 38.Re2 f4  0-1

[Event "2nd Ferdynanda Dziedzica Mem"]
[Site "Trzcianka POL"]
[Date "2012.03.04"]
[Round "8"]
[White "Krasenkow,M"]
[Black "Naiditsch,A"]
[Result "1/2-1/2"]
[WhiteElo "2607"]
[BlackElo "2702"]

1.d4 Nf6 2.c4 e6 3.Nf3 Bb4+ 4.Nbd2 O-O 5.a3 Be7 6.b4 d5 7.Qc2 Nbd7 8.e4 dxe4
9.Nxe4 c6 10.Bd3 a5 11.Nxf6+ Nxf6 12.Rb1 axb4 13.axb4 b6 14.Bb2 Bxb4+ 15.Kf1 Be7
16.h4 b5 17.c5 Qd5 18.Ne5 Ba6 19.Qe2 Bb7 20.Rh3 Ra2 21.g4 g6 22.h5 Rfa8 23.hxg6 hxg6
24.g5 Ne8 25.Be4 Rxb2 26.Rxb2 Qxd4 27.Nxc6 Ra1+ 28.Kg2 Bxc6 29.Bxc6 Ng7 30.Rxb5 Nh5
31.Rxh5 Ra2 32.Rb8+ Bf8 33.Qf3 Qxc5 34.Qg3 Qxg5  1/2-1/2

[Event "2nd Ferdynanda Dziedzica Mem"]
[Site "Trzcianka POL"]
[Date "2012.03.04"]
[Round "9"]
[White "Urban,K"]
[Black "Krasenkow,M"]
[Result "1/2-1/2"]
[WhiteElo "2463"]
[BlackElo "2607"]

1.d4 Nf6 2.c4 e6 3.Nc3 Bb4 4.e3 b6 5.Ne2 O-O 6.a3 Be7 7.Nf4 Bb7 8.d5 a5 9.e4 Na6
10.e5 Ne8 11.Bd3 Nc5 12.Bc2 d6 13.exd6 Bxd6 14.O-O e5 15.Nfe2 f5 16.Nb5 Ba6
17.Nec3 Qh4 18.Qe2 e4 19.g3 Qh3 20.f4 Nf6 21.Qg2 Qh5 22.h3 Rae8 23.Be3 Nd3
24.Nxd6 cxd6 25.b3 Nc5 26.Rfc1 Rc8 27.Rab1 Rfe8 28.Bd1 Qg6 29.Be2 Nfd7 30.a4 Nd3
31.Rd1 Nb4 32.Bf1 Nc5 33.Rd2 Qf6 34.Ne2 Nbd3 35.Nd4 Bb7 36.Be2 h6 37.Rf1 Qf7
38.Kh2 Kh8 39.Rb1 Qf6 40.Rf1 Rc7 41.h4 Qf7 42.Rb1 Nb4 43.Nb5 Rd7 44.Nd4 Rdd8
45.Qh3 Bc8 46.Rf1 Re7 47.Rb1 Rf8 48.Rf1 Rg8 49.Rb1 g6 50.Rf1 Nd7 51.Nb5 Nf6
52.Nxd6 Qf8 53.Nxc8 Qxc8 54.Bd4 Rf8 55.Be5 Kh7 56.d6 Rd7 57.Qg2 h5 58.Rfd1 Nc6
59.Qf2 Qb7 60.Qe3  1/2-1/2

[Event "XXI Adolf Anderssen Mem Prelim"]
[Site "Wroclaw POL"]
[Date "2012.06.30"]
[Round "1"]
[White "Stankiewicz,P"]
[Black "Krasenkow,M"]
[Result "0-1"]
[WhiteElo "2086"]
[BlackElo "2604"]

1.e4 e5 2.Nf3 Nc6 3.Bb5 a6 4.Ba4 Nf6 5.O-O Nxe4 6.d4 Be7 7.dxe5 O-O 8.c3 d5
9.Nbd2 Nc5 10.Bc2 Bg4 11.Qe2 d4 12.cxd4 Nxd4 13.Qc4 Nxc2 14.Qxc2 Qd3 15.Qxd3 Nxd3
16.h3 Bh5 17.g4 Bg6 18.Nb3 Rad8 19.Be3 Rd5 20.Bd4 c5 21.Bc3 b5 22.a3 Rfd8
23.Rfd1 Nxe5 24.Rxd5 Nxf3+ 25.Kg2 Nh4+  0-1

[Event "XXI Adolf Anderssen Mem Prelim"]
[Site "Wroclaw POL"]
[Date "2012.06.30"]
[Round "2"]
[White "Krasenkow,M"]
[Black "Cajbel,M"]
[Result "1-0"]
[WhiteElo "2604"]
[BlackElo "2222"]

1.Nf3 c5 2.c4 Nc6 3.d4 cxd4 4.Nxd4 g6 5.e4 Bg7 6.Be3 Nf6 7.Nc3 O-O 8.Be2 d6
9.O-O Bd7 10.Kh1 Nxd4 11.Bxd4 Bc6 12.f4 Nd7 13.Bxg7 Kxg7 14.Qd3 a5 15.Rae1 Qb6
16.Bg4 Nf6 17.Bf3 Qxb2 18.e5 dxe5 19.fxe5 Ne8 20.Bxc6 bxc6 21.Rb1 Qa3 22.Qe3 a4
23.Rf3 Ra5 24.Rh3 h5 25.Qg5 Qc5 26.Rxh5 Rh8 27.Rxh8 Kxh8 28.Qh6+ Kg8 29.Rb8  1-0

[Event "XXI Adolf Anderssen Mem Prelim"]
[Site "Wroclaw POL"]
[Date "2012.06.30"]
[Round "3"]
[White "Sadzikowski,D"]
[Black "Krasenkow,M"]
[Result "1/2-1/2"]
[WhiteElo "2392"]
[BlackElo "2604"]

1.d4 d5 2.c4 e6 3.Nc3 c6 4.e4 dxe4 5.Nxe4 Na6 6.Ne2 Bb4+ 7.Bd2 Qxd4 8.Bxb4 Qxe4
9.Bf8 Ne7 10.Bxg7 Rg8 11.Qd4 Qxd4 12.Bxd4 Rg6 13.Be5 c5 14.Bc3 Nb4 15.Nf4 Nc2+
16.Kd2 Nxa1 17.Nxg6 hxg6 18.Bd3 f5 19.Rxa1 b6 20.Re1 Kf7 21.Re3 Bb7 22.Rh3 Bxg2
23.Rh7+ Ke8 24.Bf6 Ng8 25.Bg5 Kf8 26.Rc7 e5 27.Bc2 a5 28.Ba4 Rb8 29.b3 Rb7
30.Rxb7 Bxb7 31.Bd8 Kf7 32.Bxb6 Nf6 33.Bxa5 Ke6 34.Ke2 g5 35.b4 cxb4 36.Bxb4 g4
37.Bb5 Bf3+ 38.Ke1 Nh5 39.Bd2 Kd6 40.a4 Ng7 41.a5 Ne6 42.Be3 Nc7 43.a6 Be4
44.Ba7 Nxb5 45.cxb5 Bd3 46.Bb8+ Kc5 47.a7 Be4 48.Bxe5 Kxb5 49.Ke2 Ka6 50.Bd4 Kb7
51.Ke3 Bc2 52.Kf4 Ka8 53.f3 Bd1  1/2-1/2